| 000 | 00444nam a22001457a 4500 | ||
|---|---|---|---|
| 003 | PILC | ||
| 005 | 20150318092433.0 | ||
| 008 | 150318b xxu||||| |||| 00| 0 eng d | ||
| 050 |
_aHJ 141 _b.H23 1994 |
||
| 100 | _aHendler, Herb. | ||
| 245 |
_aHow to win the lottery : _bthe professional way to win / _cHerb and Dot Hendler. |
||
| 260 |
_aNew York : _bPenguin Group, _cc1994. |
||
| 300 |
_a240 pages : _billustrations ; _c18 cm. |
||
| 942 |
_2lcc _cBK |
||
| 999 |
_c283771 _d283771 |
||